| 000 | 01095nam0a22003131 4500 | ||
|---|---|---|---|
| 001 | rc\2122353 | ||
| 005 | 20250623020104.0 | ||
| 035 | _a(NLR Aleph) 006522103 | ||
| 090 |
_a6441501 _c6441501 |
||
| 100 | _a20110826d1979 |||y0rusy50 ca | ||
| 101 | 0 | _arus | |
| 102 | _aRU | ||
| 105 | _aa z ||||| | ||
| 200 | 1 | _aПрактическое руководство по хирургическим болезням | |
| 210 |
_aМинск _cВышэйш. школа _d1979 |
||
| 215 |
_a382 с., 22 л. ил. _cил. _d22 |
||
| 320 | _aБиблиогр.: с. 376-379 | ||
| 606 |
_aХирургические болезни _xПрактические работы учащихся _2psbo |
||
| 686 |
_a54.57 _2rubbk |
||
| 686 |
_aР45,07 _2rubbk |
||
| 700 | 1 |
_aАстапенко _bВ.Г. _gВадим Григорьевич |
|
| 701 | 1 |
_aМалиновский _bН.Н. _gНиколай Никодимович |
|
| 801 | 0 |
_aRU _bNLR _gpsbo |
|
| 801 | 1 |
_aRU _bELAR _2rusmarc |
|
| 852 |
_aNLR _j79-5/3927 |
||
| 899 |
_aRuMoRGB _jB 79-32/274 |
||
| 899 |
_aRuMoRGB _jB 79-32/275 |
||
| 942 | _cBOOK | ||
| 980 | _aNB | ||